Quarternary ammonium salts: new curatives for vulcanization of natural rubber (Record no. 66216)

MARC details
000 -LEADER
fixed length control field 00506nam a2200193Ia 4500
100 ## - MAIN ENTRY--AUTHOR NAME
Personal name Mathur M L
245 #0 - TITLE STATEMENT
Title Quarternary ammonium salts: new curatives for vulcanization of natural rubber
260 ## - PUBLICATION, DISTRIBUTION, ETC. (IMPRINT)
Name of publisher Rubber World
Year of publication 1996
300 ## - PHYSICAL DESCRIPTION
Number of Pages 34-36
500 ## - GENERAL NOTE
General note Source Year: 1996
650 ## - SUBJECT ADDED ENTRY--TOPICAL TERM
Topical Term Natural rubber
650 ## - SUBJECT ADDED ENTRY--TOPICAL TERM
Topical Term Vulcanization
700 ## - ADDED ENTRY--PERSONAL NAME
Personal name Arabinda B
700 ## - ADDED ENTRY--PERSONAL NAME
Personal name Chandra K
700 ## - ADDED ENTRY--PERSONAL NAME
Personal name Mukhopadhyay R
856 ## - ELECTRONIC LOCATION AND ACCESS
Uniform Resource Identifier IRRDB
942 ## - ADDED ENTRY ELEMENTS (KOHA)
Koha item type Journals
Holdings
Withdrawn status Lost status Damaged status Not for loan Home library Current library Shelving location Date acquired Serial Enumeration / chronology Koha item type
      Journals RRII Library RRII Library Rubber chemistry 17/12/2021 Volume 213, Issue 5 Journals